Ciudades de papel
保存先:
| 第一著者: | |
|---|---|
| フォーマット: | 図書 |
| 言語: | スペイン語 |
| 出版事項: |
Santiago
Nube de Tinta Peguin Random House Grupo Editorial
2014
|
| 版: | 1a. ed |
| シリーズ: | Brillante. Voya
|
| 主題: | |
| タグ: |
タグ追加
タグなし, このレコードへの初めてのタグを付けませんか!
|
MARC
| LEADER | 00000cam a2200000 a 4500 | ||
|---|---|---|---|
| 001 | UCC0431 | ||
| 003 | CL-VaPUC | ||
| 008 | 170811e20140700cl |||||||||||||||||spa|d | ||
| 020 | |a 9789569476013 | ||
| 082 | 0 | 4 | |a 813 |b GRE |2 21 |
| 100 | 0 | |a Green, John |e author |9 594394 | |
| 245 | 1 | 0 | |a Ciudades de papel |
| 250 | |a 1a. ed | ||
| 300 | |a 365 p | ||
| 942 | |c BK | ||
| 945 | |d 20170811 15:21:00 |a arojas | ||
| 260 | |a Santiago |b Nube de Tinta Peguin Random House Grupo Editorial |c 2014 | ||
| 650 | 0 | |a Novelas estadounidenses |9 265217 | |
| 650 | 0 | |a Literatura estadounidense |9 317168 | |
| 650 | 0 | |a Ficción narrativa |9 387672 | |
| 583 | |a last modification |c 20170811 15:21:00 |k Rodrigo Vera | ||
| 490 | 0 | |a Brillante. Voya | |
| 999 | |c 369272 |d 369270 | ||